[Event "LSS ZN-2009-0-00808"]
[Site "LSS email"]
[Date "2009.11.26"]
[Round "?"]
[White "Checa, Nicholas de T"]
[Black "Claflin, Robert"]
[Result "1-0"]
[WhiteElo "800"]
[BlackElo "903"]
[PlyCount "77"]
[EventDate "2009.11.21"]
[EventType "match (corr)"]
[EventRounds "2"]
[EventCountry "GER"]
[SourceTitle "Telechess CBM 137"]
[Source "ChessBase"]
[SourceDate "2010.07.15"]
[SourceVersion "1"]
[SourceVersionDate "2010.07.15"]
[SourceQuality "1"]

1. e4 c5 2. Nf3 Nc6 3. d4 cxd4 4. Nxd4 g6 5. Nxc6 bxc6 6. Bc4 Bg7 7. 0-0 e6 8. Re1 Nh6 9. Nc3 0-0 10. Qd6 Ng4 11. h3 Be5 12. Qd2 Nf6 13. Rb1 Nh5 14. b4 Rb8 15. Ne2 d5 16. Bd3 c5 17. exd5 exd5 18. c3 Qc7 19. bxc5 Rxb1 20. Bxb1 Qxc5 21. Nd4 Bf4 22. Qd1 Bxc1 23. Qxc1 Nf6 24. Nb3 Qc7 25. Qd2 Re8 26. Rxe8+ Nxe8 27. Bc2 Be6 28. Nd4 Qd7 29. Qe3 Nc7 30. Qe5 a6 31. f4 Nb5 32. Ba4 Qc8 33. Bxb5 axb5 34. Nxb5 Qc5+ 35. Nd4 Qxc3 36. Nxe6 Qc1+ 37. Kf2 fxe6 38. Qxe6+ Kf8 39. Qxd5 1-0

[Event "LSS ZN-2009-0-00714"]
[Site "LSS email"]
[Date "2009.08.28"]
[Round "?"]
[White "Claflin, Robert"]
[Black "Jokmin, Guido"]
[Result "1-0"]
[WhiteElo "903"]
[BlackElo "571"]
[PlyCount "29"]
[EventDate "2009.08.23"]
[EventType "match (corr)"]
[EventRounds "2"]
[EventCountry "GER"]
[SourceTitle "Corr 2015"]
[Source "ChessBase"]
[SourceDate "2015.07.17"]
[SourceVersion "1"]
[SourceVersionDate "2015.07.17"]
[SourceQuality "1"]

1. d4 d5 2. c4 c6 3. Nf3 Nf6 4. g3 e6 5. Bg2 Bd6 6. c5 Bc7 7. 0-0 0-0 8. Bg5 Qe8 9. Bxf6 gxf6 10. Nc3 e5 11. e4 dxe4 12. Nxe4 Bf5 13. Nh4 Qe6 14. Qh5 Nd7 15. Nxf5 1-0

[Event "LSS BI-2009-P-00007"]
[Site "LSS email"]
[Date "2009.04.19"]
[Round "?"]
[White "Claflin, Robert"]
[Black "Perevozchikov, Viacheslav"]
[Result "0-1"]
[WhiteElo "873"]
[BlackElo "1780"]
[PlyCount "46"]
[EventDate "2009.04.20"]
[EventType "tourn (corr)"]
[EventRounds "10"]
[EventCountry "GER"]
[SourceTitle "Corr 2011"]
[Source "ChessBase"]
[SourceDate "2010.08.31"]
[SourceVersion "1"]
[SourceVersionDate "2010.08.31"]
[SourceQuality "1"]

1. e4 e5 2. Nf3 Nc6 3. Bb5 f5 4. d3 fxe4 5. dxe4 Nf6 6. 0-0 Bc5 7. Bxc6 bxc6 8. Bg5 d6 9. h3 h6 10. Bxf6 Qxf6 11. Nbd2 0-0 12. c3 Qg6 13. Nh4 Qg3 14. Ndf3 Bxh3 15. Kh1 Bxg2+ 16. Nxg2 Qxf3 17. Qxf3 Rxf3 18. Ne1 Rxf2 19. Rxf2 Bxf2 20. Nd3 Rf8 21. Nb4 Rf4 22. Kg2 Bb6 23. Re1 Rf2+ 0-1

[Event "LSS BI-2009-P-00007"]
[Site "LSS email"]
[Date "2009.04.19"]
[Round "?"]
[White "Daurelle, Herve"]
[Black "Claflin, Robert"]
[Result "1-0"]
[WhiteElo "2368"]
[BlackElo "873"]
[PlyCount "43"]
[EventDate "2009.04.20"]
[EventType "tourn (corr)"]
[EventRounds "10"]
[EventCountry "GER"]
[SourceTitle "Corr 2011"]
[Source "ChessBase"]
[SourceDate "2010.08.31"]
[SourceVersion "1"]
[SourceVersionDate "2010.08.31"]
[SourceQuality "1"]

1. e4 c5 2. Nf3 Nc6 3. d4 cxd4 4. Nxd4 g6 5. Nc3 Bg7 6. Be3 Nf6 7. Bc4 Qa5 8. 0-0 0-0 9. Nb3 Qc7 10. Be2 d6 11. f4 Nxe4 12. Nxe4 Bxb2 13. Rb1 Bg7 14. Nd4 Nxd4 15. Bxd4 Bxd4+ 16. Qxd4 Bf5 17. Nc3 Qc5 18. Qxc5 dxc5 19. Rxb7 e6 20. g4 Bxc2 21. Rc1 f5 22. Rxc2 1-0

[Event "LSS RN-2009-0-00198"]
[Site "LSS email"]
[Date "2009.03.16"]
[Round "?"]
[White "Trevis, Robert R"]
[Black "Claflin, Robert"]
[Result "0-1"]
[WhiteElo "972"]
[BlackElo "873"]
[PlyCount "90"]
[EventDate "2009.03.02"]
[EventType "tourn (corr)"]
[EventRounds "6"]
[EventCountry "GER"]
[SourceTitle "Corr 2011"]
[Source "ChessBase"]
[SourceDate "2010.08.31"]
[SourceVersion "1"]
[SourceVersionDate "2010.08.31"]
[SourceQuality "1"]

1. e4 c5 2. Nf3 e6 3. d4 cxd4 4. Nxd4 Nc6 5. Nc3 Bb4 6. Be3 Nf6 7. Nxc6 bxc6 8. e5 Nd5 9. Qd2 Nxe3 10. Qxe3 0-0 11. 0-0-0 Bxc3 12. Qxc3 Qg5+ 13. Kb1 f6 14. exf6 Qxf6 15. Qxf6 Rxf6 16. f3 d5 17. Bd3 a5 18. Rhe1 Ba6 19. Bxa6 Rxa6 20. f4 Kf7 21. g3 Rf5 22. Rd2 c5 23. h4 Kg6 24. Rde2 Kf6 25. c3 h5 26. Kc2 d4 27. b3 Rd5 28. Kd3 dxc3+ 29. Kxc3 Rb6 30. a3 g6 31. Kb2 c4 32. Re3 Rxb3+ 33. Rxb3 cxb3 34. Kxb3 Rd3+ 35. Ka4 Rxg3 36. Kxa5 Rxa3+ 37. Kb5 Rf3 38. Re4 Kf5 39. Re5+ Kxf4 40. Rxe6 Kf5 41. Rc6 Rh3 42. Rc5+ Kf4 43. Rc6 Rxh4 44. Rxg6 Kf5 45. Rg3 Rd4 0-1

[Event "LSS ZN-2009-0-00562"]
[Site "LSS email"]
[Date "2009.03.15"]
[Round "?"]
[White "Molina, Vicente Andres"]
[Black "Claflin, Robert"]
[Result "1-0"]
[WhiteElo "898"]
[BlackElo "800"]
[PlyCount "63"]
[EventDate "2009.03.05"]
[EventType "match (corr)"]
[EventRounds "2"]
[EventCountry "GER"]
[SourceTitle "Corr 2011"]
[Source "ChessBase"]
[SourceDate "2010.08.31"]
[SourceVersion "1"]
[SourceVersionDate "2010.08.31"]
[SourceQuality "1"]

1. c4 Nf6 2. Nc3 e5 3. d3 Bc5 4. e3 0-0 5. Nf3 d6 6. g3 Bd7 7. Bg2 a6 8. 0-0 b5 9. b3 Bc6 10. d4 Bb4 11. Bb2 Ne4 12. Nxe4 Bxe4 13. dxe5 dxe5 14. Nxe5 Bxg2 15. Kxg2 f6 16. Nd3 Be7 17. Qf3 bxc4 18. Nf4 Qd2 19. Bd4 c6 20. Rfd1 Qa5 21. bxc4 Qa4 22. Ne6 Qxc4 23. Nxf8 Kxf8 24. Rdc1 Qd5 25. Qxd5 cxd5 26. Rc8+ Kf7 27. Rb1 Bd6 28. Rb7+ Kg6 29. Rd8 Be5 30. Bxe5 fxe5 31. Rdxb8 Rxb8 32. Rxb8 1-0